[Event "51st Capablanca Mem Prem"]
[Site "Varadero CUB"]
[Date "2016.06.09"]
[Round "1.1"]
[White "Xiong, Jeffery"]
[Black "Morovic Fernandez, Ivan"]
[Result "1-0"]
[WhiteTitle "GM"]
[BlackTitle "GM"]
[WhiteElo "2627"]
[BlackElo "2572"]
[WhiteFideId "2047640"]
[BlackFideId "3405400"]
[EventDate "2016.06.09"]

1. d4 Nf6 2. c4 d6 3. Nf3 g6 4. g3 Bg7 5. Bg2 O-O 6. O-O c6 7. Nc3 Nbd7 8. e4 e5
9. h3 Qa5 10. Re1 exd4 11. Nxd4 Ne5 12. Bf1 Re8 13. Be3 Nxe4 14. Nxe4 Nxc4 15.
Bf4 Ne5 16. Nxd6 Rd8 17. Bxe5 Bxe5 18. Nc4 Qxe1 19. Qxe1 Bxd4 20. Qe7 Bd7 21.
Rd1 c5 22. Nd6 Be6 23. Qxb7 Be5 24. b3 Rab8 25. Qxa7 Rbc8 26. Nxc8 Rxd1 27. Qxc5
Bf6 28. Qc2 Ra1 29. Kg2 Re1 30. Be2 Bf5 31. Bd3 Be6 32. Nd6 Be5 33. Ne4 Bd5 34.
f3 Bd4 35. Qc8+ Kg7 36. Qd7 Rg1+ 37. Kh2 Rd1 38. Qxd5 Rxd3 39. Qc4 1-0

[Event "51st Capablanca Mem Prem"]
[Site "Varadero CUB"]
[Date "2016.06.09"]
[Round "1.2"]
[White "Gomez Garrido, Camilo Ernesto"]
[Black "Arribas Lopez, Angel"]
[Result "0-1"]
[WhiteTitle "IM"]
[BlackTitle "GM"]
[WhiteElo "2546"]
[BlackElo "2544"]
[WhiteFideId "3507904"]
[BlackFideId "2283352"]
[EventDate "2016.06.09"]

1. e4 e6 2. d4 d5 3. Nd2 Ne7 4. Ngf3 g6 5. h4 h6 6. Bd3 Bg7 7. c3 Nd7 8. e5 c5
9. Nf1 a6 10. Ng3 b5 11. O-O Bb7 12. Be3 c4 13. Bc2 Nf5 14. h5 Qe7 15. Bd2 Nxg3
16. fxg3 g5 17. Qe2 O-O 18. Rae1 f5 19. exf6 Rxf6 20. g4 Qd6 21. Bc1 Raf8 22.
Bb1 e5 23. dxe5 Nxe5 24. Qxe5 Qxe5 25. Rxe5 Rxf3 26. gxf3 Bxe5 27. Be3 Re8 28.
Bg6 Bh2+ 29. Kf2 Bg3+ 30. Ke2 Re7 31. Kd2 Bf4 32. Bxf4 gxf4 33. a4 Bc6 34. axb5
axb5 35. Ra1 d4 36. cxd4 Bxf3 37. Rf1 Re2+ 38. Kc3 Re3+ 39. Kb4 Kg7 40. Kc5 Kf6
41. d5 c3 42. bxc3 Rxc3+ 43. Kb6 Ke5 44. Rg1 Be2 45. g5 f3 46. Re1 Kd6 47. gxh6
f2 48. Rxe2 f1=Q 49. h7 Qg1+ 50. Kb7 Rc7+ 51. Ka6 Ra7+ 0-1

[Event "51st Capablanca Mem Prem"]
[Site "Varadero CUB"]
[Date "2016.06.09"]
[Round "1.3"]
[White "Gonzalez Vidal, Yuri"]
[Black "Bacallao Alonso, Yusnel"]
[Result "1/2-1/2"]
[WhiteTitle "GM"]
[BlackTitle "GM"]
[WhiteElo "2555"]
[BlackElo "2554"]
[WhiteFideId "3503321"]
[BlackFideId "3507416"]
[EventDate "2016.06.09"]

1. c4 Nf6 2. Nf3 g6 3. Nc3 d5 4. cxd5 Nxd5 5. Qb3 Nb6 6. d4 Bg7 7. Bf4 Be6 8.
Qa3 Nc6 9. e3 O-O 10. Bb5 a5 11. O-O Nb4 12. Rfc1 c6 13. Be2 Nc4 14. Bxc4 Bxc4
15. Ne4 Be2 16. Bg3 Bxf3 17. gxf3 b6 18. Qa4 c5 19. dxc5 Nd3 20. Rc2 Nxc5 21.
Nxc5 bxc5 22. Rxc5 Bxb2 23. Rb1 Bf6 24. Rbb5 Qd7 25. Kg2 Ra7 26. Qg4 Qd2 27. a4
Bc3 28. Qc4 Bb4 29. Rc8 Ra8 30. Rxa8 Rxa8 31. Rd5 Qc3 32. Qe4 Rf8 33. Rd7 Qb3
34. Qc6 f6 35. Qb5 Qe6 36. Rb7 Kg7 37. Bc7 Ra8 38. Rb8 Rxb8 39. Bxb8 Qc8 40. Ba7
Qc7 41. Bb6 Qb7 42. e4 1/2-1/2

[Event "51st Capablanca Mem Prem"]
[Site "Varadero CUB"]
[Date "2016.06.09"]
[Round "1.4"]
[White "Ortiz Suarez, Isan Reynaldo"]
[Black "Dragun, Kamil"]
[Result "1-0"]
[WhiteTitle "GM"]
[BlackTitle "GM"]
[WhiteElo "2578"]
[BlackElo "2599"]
[WhiteFideId "3507165"]
[BlackFideId "1134167"]
[EventDate "2016.06.09"]

1. e4 e5 2. Nf3 Nf6 3. Nxe5 d6 4. Nf3 Nxe4 5. c4 Nc6 6. Nc3 Nxc3 7. dxc3 Be7 8.
Qc2 Be6 9. Bf4 g5 10. Be3 Bf6 11. Bd3 Qe7 12. O-O O-O-O 13. Be4 d5 14. cxd5 Bxd5
15. Bxd5 Rxd5 16. Rad1 Rxd1 17. Rxd1 g4 18. Nd4 Nxd4 19. cxd4 Qd6 20. d5 Be5 21.
g3 Qg6 22. Qc4 a6 23. Bf4 Bxf4 24. Qxf4 Rd8 25. Rc1 Rd7 26. Qe5 f5 27. b3 h5 28.
Rd1 Qf7 29. d6 Rxd6 30. Rxd6 cxd6 31. Qxd6 Qd7 32. Qc5+ Kb8 33. b4 Qd1+ 34. Kg2
Qd3 35. a4 Qe4+ 36. Kg1 Qe6 37. b5 axb5 38. axb5 b6 39. Qc3 Qg6 40. Qe5+ Kc8 41.
Qe7 Kb8 42. Kg2 Ka8 43. Kf1 Qg8 44. Qa3+ Kb8 45. Qd6+ Ka8 46. Qc6+ Ka7 47. Qc7+
Ka8 48. Qxb6 Qc4+ 49. Kg1 Qe4 50. Qc6+ 1-0

[Event "51st Capablanca Mem Prem"]
[Site "Varadero CUB"]
[Date "2016.06.09"]
[Round "1.5"]
[White "Sevian, Samuel"]
[Black "Quesada Perez, Yuniesky"]
[Result "0-1"]
[WhiteTitle "GM"]
[BlackTitle "GM"]
[WhiteElo "2603"]
[BlackElo "2631"]
[WhiteFideId "2040506"]
[BlackFideId "3504409"]
[EventDate "2016.06.09"]

1. e4 e5 2. Nf3 Nc6 3. Bb5 Nf6 4. O-O Nxe4 5. d4 Nd6 6. Bxc6 dxc6 7. dxe5 Nf5 8.
Qxd8+ Kxd8 9. h3 Bd7 10. Rd1 Be7 11. g4 Nh4 12. Nxh4 Bxh4 13. Nd2 Kc8 14. Nf3
Be7 15. Bg5 Bc5 16. Be3 Bxe3 17. fxe3 Re8 18. Rd2 b6 19. Rf1 Re7 20. Rfd1 h6 21.
Kf2 c5 22. e4 a5 23. Kg3 a4 24. a3 Ra5 25. h4 Bc6 26. Kf4 Kb7 27. c4 Ra8 28. Rd8
Rxd8 29. Rxd8 Re8 30. Rxe8 Bxe8 31. h5 Kc6 32. Nh4 g5+ 33. hxg6 fxg6 34. g5 h5
35. Nf5 Kd7 36. Ne3 c6 37. Ng2 Bf7 38. Nh4 b5 39. Ke3 Ke6 40. Nf3 Ke7 41. Nh4
Kd7 42. Kd2 Ke6 43. Nf3 Be8 44. Kd3 Bd7 45. Kc3 Kf7 46. Nh4 Bh3 47. cxb5 cxb5
48. b3 axb3 49. Kxb3 Bd7 50. Kc2 Be8 51. Kd3 Ke6 52. Nf3 Bf7 53. Ke3 Ke7 54. Nh4
Kd7 55. Kd3 Be8 56. Nf3 Kc6 57. Kc3 Kb6 58. Nh4 Ka5 59. e6 Kb6 60. Ng2 Kc6 61.
Kd3 Kd6 62. Nf4 Ke5 63. Ke3 c4 64. e7 h4 65. Kf3 c3 66. Ke3 c2 67. Nd3+ Kd6 68.
Kd2 h3 69. Kxc2 h2 70. Nf2 Kxe7 71. Kd3 Kd6 72. Ke3 Kc5 73. Kf4 Kc4 74. Kg3 Kb3
75. Kxh2 Kxa3 76. Kg3 b4 77. Kf4 Kb3 78. e5 Kc2 79. Ng4 b3 80. Ne3+ Kd3 81. Nd1
Bd7 82. Nb2+ Kd4 83. Kf3 Kxe5 84. Ke3 Kf5 85. Kd4 Be6 86. Nd3 Kxg5 87. Ke5 Bc4
88. Nb2 Bg8 89. Nd3 Kh4 90. Kf4 g5+ 91. Kf3 Bc4 92. Nb2 Bd5+ 93. Kf2 g4 94. Nd1
Kh3 95. Kg1 Kg3 96. Nb2 Kf3 97. Kf1 Ke3 98. Ke1 g3 99. Nd1+ Kd3 0-1

[Event "51st Capablanca Mem Prem"]
[Site "Varadero CUB"]
[Date "2016.06.10"]
[Round "2.1"]
[White "Morovic Fernandez, Ivan"]
[Black "Quesada Perez, Yuniesky"]
[Result "0-1"]
[WhiteTitle "GM"]
[BlackTitle "GM"]
[WhiteElo "2572"]
[BlackElo "2631"]
[WhiteFideId "3405400"]
[BlackFideId "3504409"]
[EventDate "2016.06.09"]

1. e4 e5 2. Nf3 Nc6 3. Bb5 Nf6 4. d3 Bc5 5. c3 O-O 6. O-O d6 7. h3 Ne7 8. d4 Bb6
9. Re1 d5 10. Nxe5 Nxe4 11. Nd2 Nd6 12. Bf1 f6 13. Nd3 Ng6 14. b3 Re8 15. Rxe8+
Qxe8 16. Ba3 Nf5 17. Qh5 Be6 18. Re1 Qd7 19. Nc5 Bxc5 20. Bxc5 b6 21. Ba3 c6 22.
g3 Nd6 23. Kh2 Nb5 24. Bb2 Nd6 25. Ba3 Nb5 26. Bb2 Nd6 27. a4 Bf5 28. Ba3 Re8
29. Rxe8+ Nxe8 30. Qe2 Nc7 31. Qe3 h5 32. h4 Kf7 33. c4 Bg4 34. c5 b5 35. Bb4
Ne7 36. f3 Bf5 37. Bc3 bxa4 38. bxa4 Ne6 39. a5 Qc7 40. a6 Bc2 41. Bh3 Nf5 42.
Qf2 Nxh4 43. f4 Bf5 44. Qf1 g6 45. gxh4 Nxf4 46. Bxf5 Ne2+ 47. Kg2 Qg3+ 48. Kh1
Nxc3 49. Bh3 Qxh4 50. Nf3 Qf4 51. Bg2 g5 52. Nh2 Qxd4 53. Qf5 Qxc5 54. Qh7+ Ke6
55. Qxh5 Ne4 56. Qe8+ Kf5 57. Qc8+ Kf4 58. Qb8+ Nd6 59. Qb2 f5 60. Nf3 Ne4 61.
Qe5+ Ke3 62. Nxg5 Qd6 63. Qa1 Ng3+ 64. Kg1 Ne2+ 65. Kh1 Ng3+ 66. Kg1 Ne2+ 67.
Kh1 d4 68. Nf3 d3 69. Qg7 d2 70. Nxd2 Kxd2 71. Bf3 Qd4 72. Qg8 Qh4+ 73. Kg2 Nf4+ 0-1

[Event "51st Capablanca Mem Prem"]
[Site "Varadero CUB"]
[Date "2016.06.10"]
[Round "2.2"]
[White "Dragun, Kamil"]
[Black "Sevian, Samuel"]
[Result "1/2-1/2"]
[WhiteTitle "GM"]
[BlackTitle "GM"]
[WhiteElo "2599"]
[BlackElo "2603"]
[WhiteFideId "1134167"]
[BlackFideId "2040506"]
[EventDate "2016.06.09"]

1. e4 e5 2. Nf3 Nc6 3. Bc4 Bc5 4. O-O Nf6 5. d3 O-O 6. Nbd2 d6 7. c3 a6 8. Bb3
h6 9. h3 Ba7 10. Re1 Nh5 11. Nf1 Qf6 12. Be3 Bxe3 13. Nxe3 Nf4 14. Nd5 Nxd5 15.
exd5 Ne7 16. d4 Ng6 17. dxe5 dxe5 18. Bc2 Bf5 19. Bxf5 Qxf5 20. Qb1 Qf6 21. c4
Rae8 22. Qc2 c6 23. Rad1 cxd5 24. Rxd5 e4 25. Rxe4 Rxe4 26. Qxe4 Qxb2 27. Rd2
Qb4 28. Rd7 b5 29. Rd4 Qb2 30. cxb5 1/2-1/2

[Event "51st Capablanca Mem Prem"]
[Site "Varadero CUB"]
[Date "2016.06.10"]
[Round "2.3"]
[White "Bacallao Alonso, Yusnel"]
[Black "Ortiz Suarez, Isan Reynaldo"]
[Result "1/2-1/2"]
[WhiteTitle "GM"]
[BlackTitle "GM"]
[WhiteElo "2554"]
[BlackElo "2578"]
[WhiteFideId "3507416"]
[BlackFideId "3507165"]
[EventDate "2016.06.09"]

1. e4 c5 2. Nf3 d6 3. Bb5+ Bd7 4. Bxd7+ Nxd7 5. O-O Ngf6 6. Qe2 Rc8 7. c3 Qc7 8.
d4 cxd4 9. cxd4 Qc4 10. Qe3 g6 11. Bd2 Qa6 12. Nc3 Bg7 13. h3 O-O 14. e5 dxe5
15. dxe5 Ne8 16. Nd5 Qe6 17. Nf4 Qb6 18. e6 Ne5 19. exf7+ Rxf7 20. Nxe5 Qxe3 21.
Bxe3 Bxe5 22. Nd3 Bb8 23. Rac1 Rd8 24. Nc5 e5 25. Ne4 Rc7 26. Rfd1 Rxc1 27. Rxc1
Nd6 28. Nxd6 Bxd6 29. Bxa7 Ra8 30. Bc5 Bxc5 31. Rxc5 Rxa2 32. Rb5 Kf7 33. Rxb7+
Kf6 34. f3 h5 35. h4 Ra6 36. b4 Ra2 37. Kh2 Rb2 38. b5 Rb4 39. Kg3 Rb3 40. Rb6+
Kf7 41. Kh2 Rb4 42. g3 e4 43. fxe4 Rxe4 44. Rc6 Re2+ 45. Kg1 Rb2 46. b6 Kg7 47.
Kf1 Rb3 48. Kf2 Kf7 49. Rd6 Kg7 50. Re6 Kf7 51. Rc6 Kg7 52. Ke2 Rxg3 53. Kd2 Rb3
54. Kc2 Rb5 55. Kc3 g5 56. Kc4 Rb2 57. Rc7+ Kg6 58. Rc6+ Kg7 59. Rc7+ Kg6 1/2-1/2

[Event "51st Capablanca Mem Prem"]
[Site "Varadero CUB"]
[Date "2016.06.10"]
[Round "2.4"]
[White "Arribas Lopez, Angel"]
[Black "Gonzalez Vidal, Yuri"]
[Result "1/2-1/2"]
[WhiteTitle "GM"]
[BlackTitle "GM"]
[WhiteElo "2544"]
[BlackElo "2555"]
[WhiteFideId "2283352"]
[BlackFideId "3503321"]
[EventDate "2016.06.09"]

1. e4 e5 2. Nf3 Nc6 3. Bb5 a6 4. Ba4 Nf6 5. d3 d6 6. c3 Be7 7. Nbd2 O-O 8. Bxc6
bxc6 9. d4 exd4 10. cxd4 d5 11. e5 Nd7 12. Nb3 c5 13. Na5 cxd4 14. Nc6 Qe8 15.
Qxd4 Nb6 16. Nxe7+ Qxe7 17. Be3 Nc4 18. O-O Nxe3 19. Qxe3 Rb8 20. b3 c5 21. Rac1
Rb5 22. a4 d4 23. Qg5 Qxg5 24. Nxg5 Rxb3 25. Rxc5 Rb4 26. a5 Bf5 27. Rd1 d3 28.
Rc6 Rfb8 29. Kf1 Rb1 30. Ke1 R8b5 31. e6 Re5+ 32. Kf1 f6 33. Rdc1 Kf8 34. f4 d2
35. Rc8+ Ke7 36. Rc7+ Ke8 37. Rc8+ Ke7 38. Rc7+ Ke8 39. Rc8+ Ke7 40. Rc7+ Ke8
41. Rc8+ 1/2-1/2

[Event "51st Capablanca Mem Prem"]
[Site "Varadero CUB"]
[Date "2016.06.10"]
[Round "2.5"]
[White "Xiong, Jeffery"]
[Black "Gomez Garrido, Camilo Ernesto"]
[Result "1-0"]
[WhiteTitle "GM"]
[BlackTitle "IM"]
[WhiteElo "2627"]
[BlackElo "2546"]
[WhiteFideId "2047640"]
[BlackFideId "3507904"]
[EventDate "2016.06.09"]

1. e4 e5 2. Nf3 Nc6 3. d4 exd4 4. Nxd4 Bb4+ 5. c3 Bc5 6. Be3 Bb6 7. Nf5 g6 8.
Bxb6 axb6 9. Ne3 Nf6 10. f3 Qe7 11. Be2 O-O 12. c4 Qc5 13. Qd2 Nd4 14. Bd1 b5
15. b4 Qe5 16. Nc3 c5 17. Rc1 cxb4 18. Ncd5 Nxd5 19. Nxd5 d6 20. O-O Ne6 21.
cxb5 Qd4+ 22. Qxd4 Nxd4 23. Rc4 b3 24. Rxd4 bxa2 25. Ba4 Be6 26. Ra1 Bxd5 27.
exd5 Ra5 28. Rxa2 Rfa8 29. Rb4 b6 30. Kf2 Kg7 31. Ke3 Kf6 32. Kd4 h5 33. Kc3 g5
34. Kb2 Re8 35. Bd1 Rxa2+ 36. Kxa2 Re1 37. Rd4 Ke5 38. Re4+ Rxe4 39. fxe4 g4 40.
h3 gxh3 41. gxh3 h4 42. Bh5 Kxe4 43. Bxf7 Kd4 44. Kb3 Kc5 45. Kc3 Kxb5 46. Kd4
Kb4 47. Ke4 Kc5 48. Kf5 b5 49. Ke6 b4 50. Bg6 1-0

[Event "51st Capablanca Mem Prem"]
[Site "Varadero CUB"]
[Date "2016.06.11"]
[Round "3.1"]
[White "Gomez Garrido, Camilo Ernesto"]
[Black "Morovic Fernandez, Ivan"]
[Result "1/2-1/2"]
[WhiteTitle "IM"]
[BlackTitle "GM"]
[WhiteElo "2546"]
[BlackElo "2572"]
[WhiteFideId "3507904"]
[BlackFideId "3405400"]
[EventDate "2016.06.09"]

1. e4 c5 2. Nf3 d6 3. d4 cxd4 4. Nxd4 Nf6 5. Nc3 Nbd7 6. Be2 g6 7. Be3 a6 8. g4
d5 9. exd5 Ne5 10. Rg1 Nxd5 11. Nxd5 Qxd5 12. Nb3 Qxd1+ 13. Rxd1 Bg7 14. Bd4 g5
15. h4 h6 16. Nc5 Rg8 17. hxg5 hxg5 18. c3 Ng6 19. Be3 Nf8 20. Rh1 Rb8 21. Rh5
f6 22. a4 b5 23. axb5 axb5 24. Nd3 Ng6 25. Nb4 Ne5 26. f3 Kf7 27. Kf2 Nc4 28.
Bc1 Rb6 29. Rd5 Be6 30. Rc5 Rd8 31. Rc7 Rd7 32. Rc5 Rd8 33. Rc7 Rd7 34. Rc5 Rd8
35. Rh1 Ra8 36. Rc7 Rc8 37. Rxc8 Bxc8 38. Rd1 Ke8 39. Nd5 Rb7 40. b3 Nd6 41. Ba3
Bd7 42. Bc5 Nc8 43. Bd3 Kf7 44. Nb4 Be6 45. Nc6 Bxb3 46. Nd8+ Kg8 47. Nxb7 Bxd1
48. Bxb5 f5 49. gxf5 Bxc3 50. Bd7 Nd6 51. Nxd6 exd6 52. Bxd6 Kg7 53. Kg3 Bf6 54.
Be8 Bb3 55. Kg4 Bf7 56. Bd7 Bc4 57. Be6 Be2 58. Bd5 Bd3 59. Be4 Bc4 60. Kg3 Bb3
61. f4 1/2-1/2

[Event "51st Capablanca Mem Prem"]
[Site "Varadero CUB"]
[Date "2016.06.11"]
[Round "3.2"]
[White "Gonzalez Vidal, Yuri"]
[Black "Xiong, Jeffery"]
[Result "0-1"]
[WhiteTitle "GM"]
[BlackTitle "GM"]
[WhiteElo "2555"]
[BlackElo "2627"]
[WhiteFideId "3503321"]
[BlackFideId "2047640"]
[EventDate "2016.06.09"]

1. Nf3 c5 2. c4 Nf6 3. g3 b6 4. Bg2 Bb7 5. O-O g6 6. Nc3 Bg7 7. d4 cxd4 8. Qxd4
d6 9. Rd1 Nbd7 10. Be3 Rc8 11. Rac1 a6 12. b3 O-O 13. Qh4 Rc7 14. g4 Rc8 15. Bh3
b5 16. cxb5 axb5 17. g5 Rxc3 18. Rxc3 Nd5 19. Rcd3 Nc3 20. Rxc3 Bxc3 21. Nd4 b4
22. Nf5 Ne5 23. Nh6+ Kg7 24. f4 Nd7 25. f5 Qc7 26. f6+ exf6 27. Nf5+ Kh8 28. Qh6
fxg5 29. Rd4 Rg8 30. Nxd6 Nf6 31. Qxg5 Bxd4 32. Bxd4 Qxd6 33. Qxf6+ Qxf6 34.
Bxf6+ Rg7 35. Kf2 h5 36. Ke3 Kh7 37. Bxg7 Kxg7 38. Kd4 f5 39. Kc5 Kf6 40. Kxb4
g5 41. Bf1 g4 42. e3 Ke5 43. Kc5 h4 44. b4 h3 45. Bxh3 gxh3 46. b5 Ke4 47. a4
Kxe3 48. a5 f4 49. a6 Bc8 50. Kb6 Bf5 51. Ka7 f3 52. b6 f2 53. b7 f1=Q 54. b8=Q
Qf2 55. Qe5+ Kd3+ 56. Kb7 Be4+ 57. Kc7 Qa7+ 0-1

[Event "51st Capablanca Mem Prem"]
[Site "Varadero CUB"]
[Date "2016.06.11"]
[Round "3.3"]
[White "Ortiz Suarez, Isan Reynaldo"]
[Black "Arribas Lopez, Angel"]
[Result "1-0"]
[WhiteTitle "GM"]
[BlackTitle "GM"]
[WhiteElo "2578"]
[BlackElo "2544"]
[WhiteFideId "3507165"]
[BlackFideId "2283352"]
[EventDate "2016.06.09"]

1. Nf3 d6 2. e4 Nf6 3. Nc3 c5 4. d4 cxd4 5. Nxd4 g6 6. Be3 Bg7 7. f3 Nc6 8. Qd2
O-O 9. Bc4 Bd7 10. O-O-O Rb8 11. h4 Nxd4 12. Bxd4 b5 13. Bb3 a5 14. a3 b4 15.
axb4 axb4 16. Nd5 e5 17. Nxf6+ Bxf6 18. Be3 Be7 19. Bg5 Ra8 20. Qe3 Be6 21. Bxe6
fxe6 22. Kd2 d5 23. exd5 Bxg5 24. hxg5 Rf5 25. Ke2 exd5 26. Qb3 e4 27. f4 Qd7
28. g3 Rc8 29. Rd4 Rf7 30. Kd2 Qa7 31. Qxd5 b3 32. c4 e3+ 33. Kxe3 Rc7 34. Qb5
Rf8 35. Qd5+ Rff7 36. Qd8+ Rf8 37. Qd6 Rff7 38. Rd1 Rxc4 39. Kf3 Rc2 40. R1d2
Qb7+ 41. Qd5 Qxd5+ 42. Rxd5 Rfc7 43. R5d3 Kf7 44. Ke2 Rxd2+ 45. Rxd2 Rc1 46. Ke3
Rg1 47. Kf3 Rb1 48. Ke4 Ke6 49. Re2 1-0

[Event "51st Capablanca Mem Prem"]
[Site "Varadero CUB"]
[Date "2016.06.11"]
[Round "3.4"]
[White "Sevian, Samuel"]
[Black "Bacallao Alonso, Yusnel"]
[Result "1-0"]
[WhiteTitle "GM"]
[BlackTitle "GM"]
[WhiteElo "2603"]
[BlackElo "2554"]
[WhiteFideId "2040506"]
[BlackFideId "3507416"]
[EventDate "2016.06.09"]

1. e4 e5 2. Nf3 Nc6 3. d4 exd4 4. Nxd4 Bb4+ 5. c3 Bc5 6. Be3 Bb6 7. Nf5 g6 8.
Bxb6 axb6 9. Ne3 Nf6 10. f3 Qe7 11. Be2 O-O 12. c4 Qc5 13. Qd2 Nd4 14. Bd1 b5
15. b4 Qe5 16. Nc3 c5 17. Rc1 b6 18. O-O bxc4 19. f4 Qe6 20. bxc5 bxc5 21. f5
Nxe4 22. fxe6 Nxd2 23. Rf2 fxe6 24. Rxd2 d5 25. Na4 Nc6 26. Nxc5 Ra3 27. Nf1 Ra5
28. Nd3 Ba6 29. Nf2 d4 30. Bg4 e5 31. Be6+ Kg7 32. Bxc4 Rc5 33. Rdc2 Nb4 34. Rb2
Nxa2 35. Rxa2 Rxc4 36. Re1 Rf6 37. Ng4 Re6 38. Nxe5 Rc7 39. Nf3 Rd6 40. N1d2 d3
41. Kf2 h6 42. Rea1 Rcc6 43. Ne4 Re6 44. Nd4 1-0

[Event "51st Capablanca Mem Prem"]
[Site "Varadero CUB"]
[Date "2016.06.11"]
[Round "3.5"]
[White "Quesada Perez, Yuniesky"]
[Black "Dragun, Kamil"]
[Result "1/2-1/2"]
[WhiteTitle "GM"]
[BlackTitle "GM"]
[WhiteElo "2631"]
[BlackElo "2599"]
[WhiteFideId "3504409"]
[BlackFideId "1134167"]
[EventDate "2016.06.09"]

1. e4 e5 2. Nf3 Nc6 3. Bb5 a6 4. Ba4 Nf6 5. O-O Be7 6. d3 b5 7. Bb3 d6 8. a4 Bd7
9. c3 O-O 10. Bc2 Re8 11. Re1 h6 12. b4 Bf8 13. Nbd2 g6 14. Bb3 Bg7 15. Nf1 Qc8
16. Ne3 Nd8 17. Bd2 Ne6 18. g3 Bc6 19. c4 bxc4 20. Bxc4 Bb7 21. Rc1 c6 22. Ba2
Qd7 23. Nc4 Rad8 24. Qc2 g5 25. Be3 Ng4 26. Bb6 Rb8 27. Ba7 Rbd8 28. Bb6 Rb8 29.
Ba7 Rbd8 30. Bb6 Rb8 1/2-1/2

[Event "51st Capablanca Mem Prem"]
[Site "Varadero CUB"]
[Date "2016.06.12"]
[Round "4.1"]
[White "Morovic Fernandez, Ivan"]
[Black "Dragun, Kamil"]
[Result "0-1"]
[WhiteTitle "GM"]
[BlackTitle "GM"]
[WhiteElo "2572"]
[BlackElo "2599"]
[WhiteFideId "3405400"]
[BlackFideId "1134167"]
[EventDate "2016.06.09"]

1. e4 e5 2. Nf3 Nc6 3. Bb5 a6 4. Ba4 Nf6 5. O-O Be7 6. Re1 b5 7. Bb3 d6 8. c3
O-O 9. a3 Na5 10. Bc2 c5 11. d4 Qc7 12. b4 cxb4 13. axb4 Nc4 14. Nbd2 Nxd2 15.
Bxd2 Nd7 16. Bd3 Nb6 17. Be3 Bg4 18. Ra3 Na4 19. Qd2 Rfc8 20. Rc1 Bxf3 21. gxf3
d5 22. exd5 Bf6 23. Be4 exd4 24. Bxd4 Bxd4 25. Qxd4 Qd6 26. Rxa4 bxa4 27. c4
Qxb4 28. d6 Rab8 29. Kg2 Qc5 30. Rd1 Qxd4 31. Rxd4 Rc5 32. d7 Rd8 33. Rd6 a5 34.
Rb6 Rxc4 35. Rb5 g6 36. Rxa5 Rxd7 0-1

[Event "51st Capablanca Mem Prem"]
[Site "Varadero CUB"]
[Date "2016.06.12"]
[Round "4.2"]
[White "Bacallao Alonso, Yusnel"]
[Black "Quesada Perez, Yuniesky"]
[Result "1/2-1/2"]
[WhiteTitle "GM"]
[BlackTitle "GM"]
[WhiteElo "2554"]
[BlackElo "2631"]
[WhiteFideId "3507416"]
[BlackFideId "3504409"]
[EventDate "2016.06.09"]

1. e4 e5 2. Nf3 Nc6 3. d4 exd4 4. Nxd4 Bc5 5. Be3 Qf6 6. c3 Nge7 7. Bc4 O-O 8.
O-O b6 9. Qd2 Qg6 10. Nxc6 Qxc6 11. Bxc5 Qxc5 12. Na3 a5 13. Rfe1 d6 14. Bf1 a4
15. Nb5 Bb7 16. Qd4 Rfc8 17. Rad1 Bc6 18. c4 Ng6 19. Qd2 Bb7 20. Qe3 Bc6 21. Qd2
Bb7 22. Re3 Re8 23. Qd4 Re7 24. Rde1 Rae8 25. Qxc5 bxc5 26. Ra3 Ra8 27. Nc3 Bc6
28. Ra1 Ree8 29. f3 Reb8 30. b3 axb3 31. axb3 Nf8 32. Nd5 Bxd5 33. cxd5 Rxa3 34.
Rxa3 Rb7 1/2-1/2

[Event "51st Capablanca Mem Prem"]
[Site "Varadero CUB"]
[Date "2016.06.12"]
[Round "4.3"]
[White "Arribas Lopez, Angel"]
[Black "Sevian, Samuel"]
[Result "1/2-1/2"]
[WhiteTitle "GM"]
[BlackTitle "GM"]
[WhiteElo "2544"]
[BlackElo "2603"]
[WhiteFideId "2283352"]
[BlackFideId "2040506"]
[EventDate "2016.06.09"]

1. e4 e6 2. d4 d5 3. Nc3 Nf6 4. e5 Nfd7 5. f4 c5 6. Nce2 Nc6 7. c3 b5 8. Nf3 b4
9. g3 a5 10. Bh3 g6 11. g4 h5 12. gxh5 Rxh5 13. Ng5 bxc3 14. bxc3 cxd4 15. cxd4
Bb4+ 16. Kf2 Ba6 17. Be3 Ncxe5 18. dxe5 Rxh3 19. Nxh3 Qh4+ 20. Ng3 Qxh3 21. Rc1
d4 22. Bxd4 Bb7 23. Ke3 g5 24. Rf1 Qxh2 25. Ne4 Qh3+ 26. Qf3 gxf4+ 27. Kxf4 Bd2+
28. Nxd2 Bxf3 29. Nxf3 Ke7 30. Rfd1 Nf8 31. Bc5+ Ke8 32. Bxf8 Kxf8 33. Rh1 Qf5+
34. Ke3 Rd8 35. Rh8+ Ke7 36. Rxd8 Kxd8 37. a4 Qg4 38. Rd1+ Kc7 39. Rd4 Qg2 40.
Rf4 Qg8 41. Kf2 Kc6 42. Rc4+ Kd5 43. Rd4+ Kc5 44. Rf4 Qg6 45. Ke3 Qh6 46. Ke4
Kb4 47. Ke3+ Kc3 48. Ke4 Kb4 49. Ke3+ Ka3 50. Nd2 Qg5 51. Nf3 Qe7 52. Kf2 Kb2
53. Kg3 Kc3 54. Kg4 Qc7 55. Rd4 Qb7 56. Rf4 Qc7 57. Rd4 Qb8 58. Rf4 Qg8+ 59. Ng5
Qg7 60. Rf6 Kb3 61. Kf4 Kxa4 62. Rxf7 Qh6 63. Kg4 Qh8 64. Rf6 Kb3 65. Nxe6 a4
66. Nc5+ Kb4 67. Nxa4 Kxa4 68. Rf4+ Kb5 69. e6 Kc6 70. Re4 Kd5 71. Re2 Qg7+ 72.
Kf3 Qf6+ 73. Kg2 Qe7 74. Kf3 Kd6 75. Kf2 Kc7 76. Rc2+ Kd8 77. Rd2+ Ke8 78. Re2
Kf8 79. Ke1 Kg7 80. Kd2 Kf6 81. Kc2 Kg6 82. Kd3 Kf5 83. Re1 Qa3+ 84. Kc2 Qa2+
85. Kc1 Qa1+ 86. Kd2 Qb2+ 87. Kd1 Qb3+ 88. Kc1 Qc4+ 89. Kd1 Qa4+ 90. Kc1 Qh4 91.
Kd2 Qb4+ 92. Kd1 Qe7 93. Kc2 Kf6 94. Kd2 Qb4+ 95. Kd1 Qd4+ 96. Kc2 Qc5+ 97. Kd1
Qd5+ 98. Kc1 Qa5 99. Kd1 Qh5+ 100. Kc1 Qh4 101. Kd1 Qd4+ 102. Kc2 1/2-1/2

[Event "51st Capablanca Mem Prem"]
[Site "Varadero CUB"]
[Date "2016.06.12"]
[Round "4.4"]
[White "Xiong, Jeffery"]
[Black "Ortiz Suarez, Isan Reynaldo"]
[Result "1/2-1/2"]
[WhiteTitle "GM"]
[BlackTitle "GM"]
[WhiteElo "2627"]
[BlackElo "2578"]
[WhiteFideId "2047640"]
[BlackFideId "3507165"]
[EventDate "2016.06.09"]

1. e4 c5 2. Nf3 d6 3. d4 cxd4 4. Nxd4 Nf6 5. Nc3 a6 6. h3 e6 7. g4 h6 8. Bg2 Nc6
9. Be3 Be7 10. f4 Nd7 11. O-O O-O 12. Nce2 Nxd4 13. Nxd4 e5 14. Nf5 exf4 15.
Bxf4 Ne5 16. b3 Bxf5 17. exf5 Rc8 18. Qd2 b5 19. Rad1 Re8 20. Kh1 Qc7 21. Rf2
Bf6 1/2-1/2

[Event "51st Capablanca Mem Prem"]
[Site "Varadero CUB"]
[Date "2016.06.12"]
[Round "4.5"]
[White "Gomez Garrido, Camilo Ernesto"]
[Black "Gonzalez Vidal, Yuri"]
[Result "1/2-1/2"]
[WhiteTitle "IM"]
[BlackTitle "GM"]
[WhiteElo "2546"]
[BlackElo "2555"]
[WhiteFideId "3507904"]
[BlackFideId "3503321"]
[EventDate "2016.06.09"]

1. e4 e5 2. Nf3 Nc6 3. Bb5 a6 4. Ba4 Nf6 5. O-O Be7 6. Bxc6 dxc6 7. d3 Nd7 8. b3
c5 9. Bb2 Bd6 10. Nbd2 b5 11. a4 Rb8 12. axb5 axb5 13. Re1 O-O 14. Nf1 Re8 15.
Ne3 Nf8 16. Qd2 f6 17. Ra7 Ne6 18. Rea1 Nd4 19. Qd1 Be6 20. Bxd4 cxd4 21. Nf1
Bc5 22. R7a6 Bc8 23. Ra8 Be6 24. Rxb8 Qxb8 25. Qd2 Qb7 26. Qa5 Qc6 27. h4 h5 28.
N3h2 g6 29. Qd2 Kg7 30. f4 exf4 31. Qxf4 Bb6 32. Qf2 Bf7 33. Ng3 Ra8 34. Rxa8
Qxa8 35. Nf3 Qd8 36. Ne2 c5 37. e5 Bc7 38. exf6+ Qxf6 39. Ng5 Bd5 40. g3 b4 41.
Nf4 Bxf4 42. Qxf4 1/2-1/2